| 000 | nam a22 a 4500 | ||
|---|---|---|---|
| 999 |
_c12097 _d12097 |
||
| 003 | BLK | ||
| 005 | 20230221112424.0 | ||
| 008 | 180412b bul|||||r ||||||| ||bul|| | ||
| 010 | _aKNG00013682000 | ||
| 040 | _aBLK | ||
| 041 |
_aBUL _cBUL |
||
| 080 |
_aОблигационно право. Задължения, договори, споразумения _b347.4 _x(075.8) _z347.4(075.8) |
||
| 100 | 1 |
_aКожухаров, Александър Георгиев _eпърви автор _9257241 |
|
| 139 |
_aКожухаров, Александър Георгиев _bК 74 |
||
| 245 | 1 | 0 |
_aОблигационно право _bУчебник за студентите-юристи : Кн. 1 - 3 _cАлександър Георгиев Кожухаров; ред. Огнян Герджиков. _nКн. 2 _pОбщо учение за облигационното отношение |
| 257 | _aBGR | ||
| 260 |
_aСофия _bСофи-Р _c1992 - 1996 _fСофия : Софи-Р, 1992-1996 |
||
| 300 | _c20 см | ||
| 380 | _a3 | ||
| 500 | _a1. изд. 1952-1953 на изд. Наука и изкуство в Унив. лит. - Офс. изд. | ||
| 650 | 4 |
_aОблигационно право - учебници за ВУЗ _9248651 |
|
| 653 | _aоблигационно право | ||
| 653 | _aправо | ||
| 653 | _aучебници | ||
| 700 | 1 |
_aГерджиков, Огнян _eред. _9363562 |
|
| 760 | 1 |
_aКожухаров, Александър Георгиев _d1992 _h239 с. _n1. изд. 1952-1953 на изд. Наука и изкуство в Унив. лит Офс. изд. _tКн. 2 Общо учение за облигационното отношение |
|
| 852 | _aЦб 168605 | ||
| 856 | 4 |
_qpdf _u _i0.00 _ldisable |
|
| 856 | 4 |
_qpdf _u _i0.00 _ldisable |
|
| 942 |
_cKNG _n0 _02 _s1 |
||
| 944 |
_aCR _c15.01.2003 _kAB_DOS |
||
| 944 |
_aED _c06.03.2017 _kПавлина_Енева |
||
| 999 | _d12097 | ||